Sports Quiz

Random Sports or NCAA Quiz

Duke Blue Devils 2020-2021 schedule Quiz Stats

 Plays Quiz not verified by Sporcle

Support Sporcle.
Go Orange.
Score 0/12 Timer 01:00
0 Plays Today
Opponents % Correct
North Carolina Tar Heels
91.7%
Wake Forest Demon Deacons
58.3%
Georgia Tech Yellow Jackets
50%
Virginia Cavaliers
50%
Virginia Tech Hokies
50%
Miami Hurricanes
50%
Pittsburgh Panthers
41.7%
North Carolina State Wolfpack
41.7%
Notre Dame Fighting Irish
41.7%
Middle Tennessee Blue Raiders
33.3%
Elon Phoenix
33.3%
Charlotte 49ers
33.3%

You're not logged in!

Compare scores with friends on all Sporcle quizzes.
OR
Log In

From the Vault

Most Revived Musicals

by bobthesenator

We hope that someday Sporcle: The Musical will make this list.
Remove Ads.
Support Sporcle.
Get the best of Sporcle when you Go Orange. This ad-free experience offers more features, more stats, and more fun while also helping to support Sporcle. Thank you for becoming a member.

Show Comments

Extras

Top Quizzes Today


Score Distribution

Your Account Isn't Verified!

In order to create a playlist on Sporcle, you need to verify the email address you used during registration. Go to your Sporcle Settings to finish the process.

Report this User

Report this user for behavior that violates our Community Guidelines.

Details: